[Event "SWE-ch"]
[Site "Linkoping"]
[Date "2001.07.13"]
[Round "12"]
[White "Hillarp Persson, Tiger"]
[Black "Cramling, Pia"]
[Result "1/2-1/2"]
[WhiteElo "2438"]
[BlackElo "2510"]
[Annotator "Ziegler,A"]
[PlyCount "65"]
[EventDate "2001.06.30"]
[EventType "tourn"]
[EventRounds "13"]
[EventCountry "SWE"]
[EventCategory "8"]
[SourceTitle "CBM 085"]
[Source "ChessBase"]
[SourceDate "2001.11.13"]
[SourceVersion "1"]
[SourceVersionDate "2001.11.13"]
[SourceQuality "1"]

1. d4 d5 2. c4 c6 3. Nc3 dxc4 4. e4 {'Ser mest naturligt ut, men även:'} (4. e3
{har sina anhängare.}) 4... b5 5. a4 b4 6. Na2 Nf6 7. e5 ({Det lite
försiktigare} 7. f3 {kan bemötas med:} e5 $1) 7... Nd5 8. Bxc4 e6 9. Nf3 Be7
10. Bd2 Ba6 ({Ivan Sokolov spelade:} 10... a5 {1-0 Arencibia,W-Miles,A/Yopal
1997/CBM 60/[Huzman] (43) mot Kasparov i Sarajevo 1999.}) 11. Qe2 $1 ({Att
roffa bonde med:} 11. Bxd5 Qxd5 12. Bxb4 Qe4+ 13. Kd2 c5 {Är helt enkelt
livsfarligt för vit.}) 11... Bxc4 (11... Qb6 $5 {Tiger}) 12. Qxc4 Nb6 ({Med} 
12... a5 {skulle vi komma in i partiet Arencibia-Miles, Yopal, 1997.}) 13. Qc2
a5 14. Nc1 Qd5 15. Nd3 $1 ({Vit kunde rockera först för att vara på den säkra
sidan.} 15. O-O c5 {Svart står lite bättre enlig Tiger.}) 15... N8d7 (15...
Qe4+ 16. Be3 (16. Kf1 $5) 16... Nd5 17. Qe2 {Var också en möjlighet att räkna
med.}) 16. Be3 Rc8 17. O-O O-O {[#] Nyckeldraget i ställningen är ...c5. Allt
spelarna gör i det korta perspektivet kommer kretsa kring det.} 18. Rfc1 {
Vit hotar i förbifarten damen.} (18. Rfd1 {Var kanske bättre.}) 18... Nb8 19.
h4 {Var inte så bra enligt Tiger. Allt annat var bättre. Sd2 eller Sc5.} ({
Här finns också frågan om man skall spela b3 eller inte. Det säkerställer
c4-fältet, men ger upp c3-fältet.} 19. b3 Qd8 20. Nc5 Nd5 21. Bd2 Nd7 {Svart
har inga problem.}) (19. Nd2) 19... h6 20. Nf4 Qd7 21. Qe4 Nd5 22. Nh5 {
Vit hotar Dg4.} Kh8 23. g4 (23. Qg4 Rg8 24. Ng5 Qe8 {Ganska oklar.} (24... Bf8
25. Nf4 {Svart står som en mumie där nere. Tiger}) (24... hxg5 25. hxg5 Rgd8
26. Nf6)) 23... c5 $1 24. dxc5 Na6 25. Rd1 Nxc5 26. Bxc5 Rxc5 {[#] Svart står
överlägset i centrum och i damflygeln. Vits hopp är ett direkt överfall mot
kungen.} 27. g5 Qc7 28. gxh6 gxh6 29. Kh1 Rc4 30. Rd4 Rc1+ 31. Rd1 Rc4 ({
Kanske var det tiden som spökade, ty:} 31... Qc2 32. Qxc2 Rxc2 {ger svart det
bättre spelet.}) 32. Rd4 Rc1+ 33. Rd1 1/2-1/2